Catalog

Record Details

Catalog Search



Evropan Jiří z Poděbrad, král do bouřlivých dob  Cover Image Book Book

Evropan Jiří z Poděbrad, král do bouřlivých dob / Petr Hora-Hořejš

Record details

  • ISBN: 978-80-905787-0-8
  • Physical Description: 117 s. : il. (některé barev.), portréty, faksim., erby ; 25 cm
  • Publisher: Praha : Galerie EfEf, 2014

Content descriptions

Bibliography, etc. Note:
Obsahuje bibliografii
Subject: Jiří z Poděbrad, český král, 1420-1471
Jiří z Poděbrad, King of Bohemia, 1420-1471
panovníci > Česko > 15. století
kings and rulers > Czechia > 15th century
Česko > dějiny > 15. století
Czechia > history > 15th century
Genre: populárně-naučné publikace
popular works

Available copies

  • 1 of 1 copy available at Common Catalog SPOK.

Holds

  • 0 current holds with 1 total copy.
Show Only Available Copies
Location Call Number / Copy Notes Barcode Shelving Location Status Due Date
Hospic Dobrého Pastýře HI
Tematická katagorie: Historie (HI)
2045957006789 Knihovna Available -

LDR 01571nam a2200433 a 4500
00128373
003CZ-PrJAB
00520170821135334.0
007ta
008140508s2014 xr achie f 000 0dcze
015 . ‡acnb002589070
020 . ‡a978-80-905787-0-8 ‡q(váz.)
035 . ‡a(CZ PrNK)nkc20142589070
035 . ‡a(OCoLC)883372607
040 . ‡aOLA001 ‡bcze
043 . ‡ae-xr---
045 . ‡as-s-
072 7. ‡a94(437) ‡xDějiny Česka a Slovenska ‡2Konspekt ‡98
072 7. ‡a929 ‡xBiografie ‡2Konspekt ‡98
080 . ‡a929.731 ‡2MRF
080 . ‡a94(437.3)"14" ‡2MRF
080 . ‡a(0.062) ‡2MRF
1001 . ‡aHora-Hořejš, Petr, ‡d1938- ‡7jn19981001477 ‡4aut
24510. ‡aEvropan Jiří z Poděbrad, král do bouřlivých dob / ‡cPetr Hora-Hořejš
24630. ‡aJiří z Poděbrad
260 . ‡aPraha : ‡bGalerie EfEf, ‡c2014
300 . ‡a117 s. : ‡bil. (některé barev.), portréty, faksim., erby ; ‡c25 cm
504 . ‡aObsahuje bibliografii
60007. ‡aJiří z Poděbrad, ‡cčeský král, ‡d1420-1471 ‡7jn20000401258 ‡2czenas
60009. ‡aJiří z Poděbrad, ‡cKing of Bohemia, ‡d1420-1471 ‡2eczenas
648 7. ‡a15. století ‡7ch460553 ‡2czenas
65007. ‡apanovníci ‡7ph117250 ‡zČesko ‡y15. století ‡2czenas
65009. ‡akings and rulers ‡zCzechia ‡y15th century ‡2eczenas
651 7. ‡aČesko ‡7ge128065 ‡xdějiny ‡y15. století ‡2czenas
651 9. ‡aCzechia ‡xhistory ‡y15th century ‡2eczenas
655 7. ‡apopulárně-naučné publikace ‡7fd131864 ‡2czenas
655 9. ‡apopular works ‡2eczenas
910 . ‡aBNE702
998 . ‡a002589070
901 . ‡a28373 ‡b ‡c28373 ‡tbiblio

Additional Resources